Decision in inferential statistics with hypercard : design and field test (Record no. 65550)
[ view plain ]
| 000 -CABECERA | |
|---|---|
| campo de control de longitud fija | 00679nam a2200229 a 4500 |
| 005 - FECHA Y HORA DE LA ÚLTIMA TRANSACCIÓN | |
| campo de control | 20210219153003.0 |
| 008 - ELEMENTOS DE LONGITUD FIJA--INFORMACIÓN GENERAL | |
| campo de control de longitud fija | 991125n 000 0 eng u |
| 035 ## - NÚMERO DE CONTROL DEL SISTEMA | |
| Número de control de sistema | UPN01000071083 |
| 100 1# - ASIENTO PRINCIPAL--NOMBRE PERSONAL | |
| Nombre de persona | MCCoy, Leah P. |
| 222 ## - TÍTULO CLAVE | |
| Título clave | COMPUTERS IN THE SCHOOLS : |
| 222 ## - TÍTULO CLAVE | |
| Título clave | THE INTERDISCIPLINARY JOURNAL OF PRACTICE THEORY AND APPLIED RESEARCH |
| 245 ## - MENCIÓN DE TÍTULO | |
| Título | Decision in inferential statistics with hypercard : design and field test |
| 260 ## - PUBLICACIÓN, DISTRIBUCIÓN, ETC. | |
| Lugar de publicación, distribución, etc. | New York, EUA |
| 300 ## - DESCRIPCIÓN FÍSICA | |
| Extensión | 69-77 |
| 362 0# - FECHAS DE PUBLICACIÓN Y/O DESIGNACIÓN SECUENCIAL | |
| Fecha de publicación y/o designación secuencial | 1994 Vol. 10, nos. 1-2 |
| 653 0# - TERMINO DE INDIZACION - NO CONTROLADO | |
| Término no controlado | ENSEÑANZA |
| 653 0# - TERMINO DE INDIZACION - NO CONTROLADO | |
| Término no controlado | ESTADISTICA |
| 653 0# - TERMINO DE INDIZACION - NO CONTROLADO | |
| Término no controlado | HIPERCARD |
| 653 0# - TERMINO DE INDIZACION - NO CONTROLADO | |
| Término no controlado | TECNOLOGIA EDUCATIVA |
| 904 ## - ELEMENTOS DE DATOS D LOCAL, LDD (RLIN) | |
| a | AC |
| b | 008894 |
| 905 ## - TIPO DE MATERIAL | |
| Tipo de material | Articulo |
No items available.
